| 000 | 02740cam a2200349 a 4500 | ||
|---|---|---|---|
| 001 | 16811271 | ||
| 003 | OSt | ||
| 005 | 20230607090837.0 | ||
| 008 | 110606s2010 ko a b 001 0 eng | ||
| 010 | _a 2011416679 | ||
| 035 | _a(OCoLC)ocn703866059 | ||
| 040 |
_aEXW _cEXW _dAGL _dLOA _dDLC |
||
| 042 | _alccopycat | ||
| 050 | 0 | 0 |
_aDS924.T655 _bS65 2010 |
| 070 | 0 |
_aDS924.T655 _bS66 2010 |
|
| 082 |
_a951.9 _bBYE |
||
| 100 | 1 | _aSong, Pyŏng-gi. | |
| 245 | 1 | 0 |
_aHistorical Verification of Korea's Sovereignty over Ulleungdo and Dokdo _cSong Byeong-kie ; translated by National Assembly Library, Republic of Korea. |
| 260 |
_aSeoul : _bNational Assembly Library, _cc2010. |
||
| 300 |
_a492 p. : _bill. ; _c23 cm. |
||
| 504 | _aIncludes bibliographical references (p. 479-492) and index. | ||
| 505 | 0 | _aThe "one island view" versus the "two island view" -- The territorial management of Ulleungdo during antiquity and the Goryeo Dynasty -- The Ulleungdo settlement ban in early Joseon -- Theory of a new undiscovered island in the East Sea -- The abduction of Ahn Yong-bok to Japan and his activities -- Negotiations in Busan -- The ban on navigation to Ulleungdo issued by the Edo Shogunate and Usando -- Ahn Yong-bok's clandestine trip to Japan -- Ahn Yong-bok's accomplishments -- The resolution of the Ulleungdo Jaenggye -- The establishment of the Ulleungdo Suto System -- Improving geographical understanding -- The dispatching of inspector Yi Gyu-won -- The Meiji government's perception of Ulleungdo and Dokdo during 1870s and 1880s -- The Meiji navigation ban to Ulleungdo and Japanese evacuation -- The Island Development Project and the abolition of the Suto System -- Japanese incursions into Ulleungdo -- The dispatching of inspection commissioner U Yong-jeong -- The integration of Ulleungdo into local administrative system -- The interpretation of Seokdo -- The Japanese invasion of Ulleungdo -- Japan's annexation of Ryanko Island -- Shim Heung-taek's report -- The state of Usanguk and 'two island theory" -- The Ulleungdo Jaenggye (K. Ulleungdo Jaenggye; J. Takeshima Ikken) and the protest of Ahn Yong-bok -- The declaration of Ulleungdo an Usando (Dokdo) as foreign possessions by Japanese Dajokan Minister -- Japan's annexation of "Ryanko Island" and shim Heung-taek's report to the Korean government. | |
| 651 | 0 |
_aTok Island (Korea) _xHistory. |
|
| 651 | 0 |
_aUllŭng Island (Korea) _xHistory. |
|
| 651 | 0 |
_aKorea _xHistory _y1392-1637. |
|
| 651 | 0 |
_aKorea _xHistory _y1637-1864. |
|
| 651 | 0 |
_aKorea _xHistory _y1864-1910. |
|
| 710 | 2 | _aTaehan Min'guk Kukhoe Tosŏgwan. | |
| 906 |
_a7 _bcbc _ccopycat _d3 _encip _f20 _gy-gencatlg |
||
| 942 |
_2ddc _cBK |
||
| 999 |
_c775 _d775 |
||